000
00259nam a2200109Ia 4500
008
190216s9999||||xx |||||||||||||| ||und||
100
_a
Erle Stanley G
245
4
_a
The Case Of Thelazy Lover
260
_b
Ballantine Books
650
_a
Malayalam
942
_c
BK
999
_c
13296
_d
13296